000 00481nam a2200193Ia 4500
005 20240930015205.0
008 240331s9999 xx 000 0 und d
020 _a9555800596
082 _bMIS
_a808.31
100 _aMisra,J
245 4 _aThe sorrow of unanswered questions
260 _aColombo
_bInternational Centre for ethnic Studies
_c2001
300 _axvii, 77 p .,
650 _aWomen
650 _amarriage
650 _aculture
650 _asexuality
942 _cL
999 _c4421
_d4421